| 000 | 00846cam8a220024100 4500 | ||
|---|---|---|---|
| 001 | qce00807580 | ||
| 005 | 20190826095309.0 | ||
| 008 | 720919s1967 mdub b 000 0 eng | ||
| 010 | _a 67016914 | ||
| 035 | _a(Sirsi) r103432 | ||
| 035 | _a(QCAT)lss00291110 | ||
| 035 | _a(UPRA)qce00807580 | ||
| 040 | _dUPRA | ||
| 050 | 0 |
_aDD257.25 _b.V3 |
|
| 082 | _a320.9/43 | ||
| 100 | 1 |
_aVali, Ferenc A. (Ferenc Albert), 1905- _qVali, Ferenc A. (Ferenc Albert), 1905- _dVali, Ferenc A. (Ferenc Albert), 1905- _6A60625.1 |
|
| 245 | 1 | 4 |
_aThe quest for a United Germany / _cby Ferenc A. Vali. |
| 260 |
_aBaltimore : _bJohns Hopkins Press, _c[1967] |
||
| 504 | _aBibliography: p. 291-309. | ||
| 650 | 0 |
_aGerman reunification question (1949-1990) _6S47107.1 |
|
| 949 |
_aDD257.25 _wlcc _c 1 _i33729000080213 _mMAIN _p2500 _tBOOK _lON-SHELF |
||
| 004 | 103432 | ||
| 999 |
_c161643 _d161644 |
||